[Event "31. DSenEM2019 Gruppe 65+"]
[Site "Radebeul"]
[Date "2019.04.29"]
[Round "4.79"]
[White "Ludwig, Richard"]
[Black "Kundt, Günther"]
[Result "0-1"]
[Annotator "lenovo"]
[BlackElo "1736"]
[BlackTeam "SSC Graal-Müritz"]
[EventDate "2019.??.??"]
[PlyCount "60"]
[WhiteElo "1547"]
[WhiteTeam "SV Irxleben"]

1. e4 c5 2. c3 d6 3. d4 cxd4 4. cxd4 g6 5. Nf3 Bg7 6. Nc3 Nf6 7. Bd3 O-O 8. O-O
a6 9. a3 Nc6 10. Re1 Bd7 11. Rb1 Rc8 12. d5 Na5 13. Bd2 b5 14. Ne2 Qb6 15. Be3
Qb7 16. Nd2 Ng4 17. Bd4 Ne5 18. Bxe5 Bxe5 19. Nf3 Bg7 20. b4 Nc4 21. Bxc4 Rxc4
22. Ned4 Rfc8 23. h3 Qb6 24. Nb3 Bh6 25. Qe2 Rc2 26. Qf1 Bf4 27. Kh1 { ( = )} 
27... Rxf2 28. Qd3 Rcc2 29. Nbd2 Bxd2 30. Nd4 Rc3  0-1

[Event "31. DSenEM2019 Gruppe 65+"]
[Site "Radebeul"]
[Date "2019.04.29"]
[Round "4.80"]
[White "Pöltelt, Helmut"]
[Black "Helm, Helga"]
[Result "1-0"]
[BlackElo "1614"]
[BlackTeam "SV Springer Leipzig"]
[EventDate "2019.??.??"]
[PlyCount "79"]
[WhiteElo "1711"]
[WhiteTeam "SC Eintracht Berlin"]

1. e4 e5 2. Nf3 Nc6 3. Bb5 d6 4. h3 Nf6 5. d3 Be7 6. c3 O-O 7. O-O a6 8. Ba4 b5
9. Bc2 Re8 10. Bg5 Nd7 11. Bxe7 Qxe7 12. a4 Bb7 13. Qd2 Rad8 14. Na3 Na7 15.
axb5 axb5 16. Bb3 Nc5 17. Ba2 Ne6 18. Nc2 c5 19. Bxe6 Bc6 20. Bb3 d5 21. exd5
Bxd5 22. Bxd5 Rxd5 23. Ne3 Rd7 24. Nf5 Qd8 25. Qg5 Qxg5 26. Nxg5 Nc6 27. Ra6
Ne7 28. Rd6 Rxd6 29. Nxd6 Rf8 30. Ngxf7 Rxf7 31. Nxf7 Kxf7 32. Ra1 Nc6 33. Ra6
Ne7 34. Kf1 Nd5 35. Rc6 Nf4 36. Rxc5 Nxd3 37. Rxb5 Kf6 38. g3 e4 39. Ke2 Ne5
40. Rxe5  1-0

[Event "31. DSenEM2019 Gruppe 65+"]
[Site "Radebeul"]
[Date "2019.04.29"]
[Round "4.81"]
[White "Ludwig, Siegfried"]
[Black "Narr, Irmgard"]
[Result "1-0"]
[BlackElo "1708"]
[BlackTeam "SC Mühlhof-Reichelsdorf"]
[EventDate "2019.??.??"]
[PlyCount "109"]
[WhiteElo "1536"]
[WhiteTeam "GSV Hemmingen"]

1. e4 e6 2. Nc3 d5 3. exd5 exd5 4. d4 Nf6 5. Nf3 c6 6. Be2 Bd6 7. Bg5 O-O 8. O-O
Bf5 9. Ne5 h6 10. Bh4 g5 11. Bg3 Qc7 12. f4 Ne4 13. Nxe4 Bxe4 14. fxg5 hxg5 15.
Bh5 Bxe5 16. dxe5 Qe7 17. Qg4 Nd7 18. Rf5 Bxf5 19. Qxf5 Kg7 20. Rf1 Nc5 21. h4
Ne4 22. Be1 gxh4 23. Qg4+ Qg5 24. Bxh4 Qxg4 25. Bxg4 Rae8 26. Rf5 Rh8 27. g3
Nd2 28. Bf6+ Kg6 29. Rg5+ Kh6 30. Rh5+ Kg6 31. Bxh8 Ne4 32. Bf6 Nxg3 33. Rg5+
Kh6 34. Bd7 Ne4 35. Bxe8 Nxg5 36. Bxg5+ Kxg5 37. Bxf7 d4 38. e6 Kf6 39. Kf2 c5
40. b3 Ke7 41. Ke2 b6 42. Kd3 Kd6 43. a4 a6 44. c3 dxc3 45. Kxc3 b5 46. a5 Ke7
47. Kd3 Kd6 48. Ke4 Ke7 49. Kd5 c4 50. bxc4 b4 51. Bg6 b3 52. c5 b2 53. c6 Kd8
54. Kd6 Kc8 55. e7  1-0

[Event "31. DSenEM2019 Gruppe 65+"]
[Site "Radebeul"]
[Date "2019.04.29"]
[Round "4.82"]
[White "Deak-Willimsky, Emanuela"]
[Black "Reeh, Axel"]
[Result "0-1"]
[BlackElo "1694"]
[BlackTeam "Bremer SG"]
[EventDate "2019.??.??"]
[PlyCount "130"]
[WhiteElo "1506"]
[WhiteTeam "SF Furtwangen-Vöhrenbach"]

1. c4 e5 2. Nc3 Nf6 3. d3 c6 4. Bd2 Na6 5. h3 Be7 6. g4 h6 7. Bg2 Nc5 8. Qc2 Ne6
9. e3 Qc7 10. Nge2 Bd6 11. O-O-O Rb8 12. b3 b5 13. Ng3 O-O 14. Nf5 Ba3+ 15. Kb1
bxc4 16. dxc4 Ba6 17. Bf3 Nc5 18. Be2 e4 19. Rhg1 Qe5 20. Nd4 d5 21. f4 exf3
22. Nxf3 Qd6 23. g5 hxg5 24. Rxg5 Nce4 25. Rg2 g6 26. Nd4 dxc4 27. Nf5 Qe5 28.
Nh6+ Kh7 29. Ng4 Nxg4 30. hxg4 cxb3 31. Rh1+ Kg8 32. axb3 Rxb3+ 33. Ka2 Rb2+
34. Qxb2 Bxb2 35. Kxb2 Rb8+ 36. Kc2 Nxd2 37. Bxa6 Nf3 38. Be2 Ng5 39. Rgh2 Kg7
40. e4 a5 41. Bd3 Qd4 42. Ra1 Ra8 43. Ra4 Qe5 44. Re2 Nf3 45. Rf2 Ne1+ 46. Kd2
Nxd3 47. Kxd3 Rd8+ 48. Kc2 Qg5 49. e5 Qxe5 50. Re4 Qc5 51. Rfe2 Qg5 52. Ra4 Rd7
53. Rae4 Qf6 54. Re5 Ra7 55. R5e4 Qd6 56. Rd2 Qa3 57. Ra4 Qc5 58. Rdd4 Rb7 59.
Rac4 Qe5 60. Re4 Qh2+ 61. Re2 Qh1 62. Rce4 Qa1 63. Kd3 Rd7+ 64. Kc4 Qa3 65. Rd4
Qb4+  0-1

[Event "31. DSenEM2019 Gruppe 65+"]
[Site "Radebeul"]
[Date "2019.04.29"]
[Round "4.83"]
[White "Girod, Gudrun"]
[Black "Richter, Andreas"]
[Result "0-1"]
[BlackElo "1814"]
[BlackTeam "BSV Chemie Radebeul"]
[EventDate "2019.??.??"]
[PlyCount "76"]
[WhiteElo "1487"]
[WhiteTeam "Hannover 96"]

1. d4 Nf6 2. Bf4 g6 3. h3 d5 4. e3 c5 5. Bxb8 Rxb8 6. Bb5+ Bd7 7. Bxd7+ Nxd7 8.
c3 Bg7 9. Nf3 O-O 10. O-O cxd4 11. exd4 Qb6 12. Qc2 Rbc8 13. Qd2 Nf6 14. Na3 a6
15. Rab1 Ne4 16. Qd3 Rfe8 17. Nc2 f6 18. Ne3 Qc6 19. Qd1 b5 20. Qb3 Rcd8 21. a3
Kh8 22. Rfd1 e6 23. Qc2 Qd6 24. Nf1 g5 25. N3d2 Qf4 26. Nxe4 dxe4 27. Qd2 Qh4
28. Qe3 f5 29. Qg3 Qh5 30. f3 f4 31. Qg4 Qxg4 32. hxg4 e3 33. Re1 e5 34. Nxe3
fxe3 35. Rxe3 exd4 36. Rxe8+ Rxe8 37. cxd4 Bxd4+ 38. Kh2 Re2  0-1

[Event "31. DSenEM2019 Gruppe 65+"]
[Site "Radebeul"]
[Date "2019.04.29"]
[Round "4.84"]
[White "Semisch, Helga"]
[Black "Geibel, Henning"]
[Result "1-0"]
[BlackElo "1392"]
[BlackTeam "SV Bargteheide"]
[EventDate "2019.??.??"]
[PlyCount "75"]
[WhiteElo "1571"]
[WhiteTeam "ESV Lok Meiningen"]

1. d4 d5 2. e3 Bf5 3. Nd2 Nc6 4. f4 Nb4 5. e4 dxe4 6. c3 Nc6 7. Ne2 Nf6 8. Ng3
Bg4 9. Qb3 Qc8 10. Ndxe4 Nxe4 11. Nxe4 e6 12. Bd3 Be7 13. O-O O-O 14. h3 Bh5
15. Be3 b6 16. Ng3 Bg6 17. f5 exf5 18. Nxf5 Bxf5 19. Bxf5 Qe8 20. Bf4 Bd6 21.
Bg5 h6 22. Bh4 Na5 23. Qc2 Nc4 24. Bf2 c5 25. Rae1 Qb8 26. Re2 Bh2+ 27. Kh1 Bg3
28. Bg1 Bd6 29. Be4 cxd4 30. Bxa8 Qxa8 31. Bxd4 Qd5 32. Qd3 Ne5 33. Qf5 f6 34.
Bxe5 Bxe5 35. Qg4 Qxa2 36. Rd1 Qb3 37. Rd7 Qb5 38. Qxg7#  1-0

[Event "31. DSenEM2019 Gruppe 65+"]
[Site "Radebeul"]
[Date "2019.04.29"]
[Round "4.85"]
[White "Thonig, Manfred"]
[Black "Walther, Renate"]
[Result "1-0"]
[Annotator "lenovo"]
[BlackElo "1127"]
[BlackTeam "SK Herzogenaurach"]
[EventDate "2019.??.??"]
[PlyCount "129"]
[WhiteElo "1564"]

1. e4 e5 2. Nf3 d5 3. exd5 Bd6 4. Nc3 Nf6 5. Bb5+ c6 6. dxc6 bxc6 7. Bc4 O-O 8.
O-O Nbd7 9. d3 Nb6 10. Bb3 Bb7 11. Re1 Re8 12. Bg5 Nbd7 13. Ne4 Qc7 14. Nxf6+
Nxf6 15. Bxf6 gxf6 16. Nh4 Kh8 17. Nf5 Rg8 18. Nxd6 Qxd6 19. Bxf7 Rg7 20. Bb3
Rf8 21. c4 c5 22. f3 Qd4+ 23. Kh1 Qf2 24. Rg1 Rfg8 25. Qf1 Qxb2 26. Re1 Qd4 27.
Bd1 Bc8 28. Re4 Qb2 29. Qe2 Qc3 30. g4 Bb7 31. Re3 Qd4 32. h3 Bc6 33. a4 a5 34.
Kh2 h6 35. Rg3 Bb7 36. Qe1 Bc6 37. Qg1 Qb2+ 38. Re2 Qc3 39. Qxc5 Bd7 40. Qe3
Rg6 41. Rc2 Qd4 42. Qxd4 exd4 43. Rf2 f5 44. Bb3 Be6 45. Re2 f4 46. Rg1 Re8 47.
Rge1 Rf6 48. Re4 h5 49. g5 Rg6 50. h4 Rb8 51. Bd1 Rb2+ 52. Kh1 Bh3 53. Re8+ Rg8
54. R8e2 Rbb8 55. Re4 Bd7 56. Rxd4 Rbe8 57. Ree4 Bf5 58. Re2 Re3 59. Rxf4 Rxe2
60. Bxe2 Be6 61. Rf6 Bd7 62. d4 Bxa4 63. Bd3 Be8 64. d5 a4 65. Bb1 { ( Zeit )} 
 1-0